| 000 | 00524cam a2200205u 4500 | ||
|---|---|---|---|
| 001 | 8299278 | ||
| 005 | 20180117032642.0 | ||
| 008 | 821001s1935 ncuab 000 0 eng | ||
| 010 | _aagr36000577 | ||
| 040 |
_aDLC _cCarP _dDLC |
||
| 041 | _aeng | ||
| 043 | _an-usu-- | ||
| 080 | _a910 | ||
| 082 | _2910 VAN | ||
| 100 | 1 | _a42 | |
| 101 | _aGJEO | ||
| 245 | 1 | 0 | _aHuman geography of the South; |
| 906 |
_a0 _bcbc _cpremunv _du _encip _f19 _gy-gencatlg |
||
| 942 |
_2ddc _cBK |
||
| 999 |
_c40388 _d40388 |
||